| 000 | 00481pab a2200181 454500 | ||
|---|---|---|---|
| 008 | 180718b2001 xxu||||| |||| 00| 0 eng d | ||
| 100 | _aGallagher, Eugens B. | ||
| 245 | _aMedicine, disability and family in an affluent Arab society: the case of Zahira Qetub | ||
| 260 | _c2001 | ||
| 300 | _ap.207-31 | ||
| 362 | _aMay | ||
| 650 | _aFamily | ||
| 650 | _aMedical sciences | ||
| 650 | _aDisabled | ||
| 700 | _aStratton, Terry | ||
| 773 | _aCurrent Sociology | ||
| 909 | _a50654 | ||
| 999 |
_c50654 _d50654 |
||